Staviteľstvo mesačník Hospodárskych novín

Bibliographic Details
Format: Journal
Language:Slovak
PhysicalDescription:4 zv. 30 cm
Published: Bratislava Ecopress 1996-1999
ISSN:1335-4833
Subjects:

MARC

LEADER 00000cas a2200000 a 4500
001 vtls008880336
003 SK-MaSNL
005 20260228162258.0
008 141119c19961999xo mr p 0 0 b0slo c
022 |a 1335-4833 
035 |a (SVKBB03)vtls000031525 
040 |a SVKBB  |b slo  |c SVKBB  |d SNK  |e AACR2 
041 0 |a slo 
044 |a xo  |c SK 
072 7 |a 69  |x Stavebníctvo  |2 konspekt 
080 |a 69  |2 2001 
080 |a 050  |2 2001 
210 0 |a Staviteľstvo  |b (Bratisl.) 
222 0 |a Staviteľstvo  |b (Bratislava) 
245 0 0 |a Staviteľstvo  |b mesačník Hospodárskych novín 
260 |a Bratislava  |b Ecopress  |c 1996-1999 
300 |a 4 zv.  |c 30 cm 
310 |a 1x mesačne 
362 0 |a Roč. 1, č. 1 (1996)-roč. 4, č. 12 (1999) 
500 |a Reg. č.: MK SR 1373/96 
500 |a Tlač. Neografia, a.s., Martin 
650 0 7 |a staviteľstvo  |2 SNKPH  |9 724 
655 7 |a špecializované časopisy  |2 SNKPH  |9 70509 
910 |a snk 
916 |a 1996-1998 
958 |a OND 
999 |c 7403  |d 9333 
952 |0 0  |1 0  |4 0  |7 0  |a SNK  |b SNK  |d 2014-10-02  |f 1  |i snkČSP 3367/99  |l 0  |o snkČSB 4929/1/1996  |p 17A0899876  |r 2026-02-21 19:34:08  |t č. 1-10  |w 2026-02-21  |y PREZ 
952 |0 0  |1 0  |3 rekatalogizácia  |4 0  |7 0  |a SNK  |b SNK  |d 2007-01-11  |i snkČSP 3368/99  |l 0  |o snkČSB 4929/1/1996 D1  |p 17A0536198  |r 2026-02-21 20:14:14  |t č. 1-10  |w 2026-02-21  |y PREZ  |z č.1-10 
952 |0 0  |1 0  |3 rekatalogizácia  |4 0  |7 0  |a SNK  |b SNK  |d 2006-03-28  |i snkČSP 3370/99  |l 0  |o snkČSB 4929/2/1997 D1  |p 17A0504375  |r 2026-02-21 20:21:45  |t č. 1-12  |w 2026-02-21  |y PREZ 
952 |0 0  |1 0  |4 0  |7 0  |a SNK  |b SNK  |d 2002-09-17  |l 0  |o snkČSB 4929/3/1998 D1  |p 17A0355725  |r 2005-01-02 00:00:00  |w 2026-02-21  |y PREZ 
952 |0 0  |1 0  |4 0  |7 0  |a SNK  |b SNK  |d 2003-03-05  |f 1  |i snkČSP 3369/99  |l 0  |o snkČSB 4929/2/1997  |p 17A0376487  |r 2005-01-02 00:00:00  |t č. 1-12  |w 2026-02-21  |y PREZ 
952 |0 0  |1 0  |3 rekatalogizácia  |4 0  |7 0  |a SNK  |b SNK  |d 2006-02-10  |f 1  |i snkČSP 3865/99  |l 0  |o snkČSB 4929/3/1998  |p 17A0498389  |r 2026-02-21 21:40:31  |t č. 1-12  |w 2026-02-21  |y PREZ